=LDR 00000nam 2200000 4500 =001 INLIS000000000053874 =005 20200225023019 =035 ##$$a 0010-0319000069 =007 ta =008 200225################g##########0#ind## =020 ##$$a 978-602-00-0373-3 =082 ##$$a 005.04 =084 ##$$a 005.04 CRI g =100 #$$a Cristover Lee =245 1#$$a Google Ninja /$c Cristover Lee =250 ##$$a Cet 1 =260 ##$$a Jakarta :$b Elex Media Kompuntindo,$c 2011 =300 ##$$a viii, 209 hlm. : $b ilus. ; $c 21 x 14 Cm. =650 #4$$a Penelusuran -Komputer =990 ##$$a 31800258